Guide du gřant de la SPRL

Bibliographic Details
Main Author: Renar, Jean Pierre
Format: Unknown
Language:French
Published: Liege : Edipro, 2005
Online Access:Acceso restringido

MARC

LEADER 00000ny a22000003n 4500
005 20110524122014.0
008 090123s2005 be a sb 000 0 fre c
020 |a 2930287462 
035 |a 2456 
040 |a UMA.RE  |d vlex 
080 |a 347.72(493)(0.034) 
090 |c 209  |d 209 
100 1 |a Renar, Jean Pierre 
245 1 0 |a Guide du gřant de la SPRL  |h [Recurso electrn̤ico]  |c Jean Pierre Renar 
256 |a Servicio en ln̕ea 
260 |a Liege :   |b Edipro,   |c 2005 
506 1 |a Contenido solo disponible en los productos indicados  |d vLex Global  |d vLex Global (Academic Edition, excluding Law Schools)  |d vLex Global (U.S. Academic Edition, Law Schools)  |d vLex Global (U.S. Academic Edition, excluding Law Schools)  |d vLex Global (Academic Edition, Law Schools) 
740 0 |a vLex Libros (Servicios en ln̕ea) 
856 4 0 |u http://vlex.com/source/2456  |z Acceso restringido 
942 |c BOOK 
999 0 |a Law  |b Bľgica